Болты, шпильки, гайки и шайбы для фланцевых и анкерных соединений с температурой среды от 0 до 650 С; ГОСТ 9064-75 Гайки для фланцевых соединений с температурой среды от 0 до 650 С. Типы и основные размеры; ГОСТ 9065-75 Шайбы для фланцевых соединений с температурой среды от 0 до 650 С. Типы и основные размеры; ГОСТ 9066-75 Шпильки для фланцевых соединений с температурой среды от 0 до 650 С. Типы и основные размеры; ГОСТ 20700-75 Болты, шпильки, гайки и шайбы, пробки и хомуты для фланцевых и анкерных соединений с температурой среды от 0 до 650 С. Технические условия

Bibliografiske detaljer
Institution som forfatter: СССР Государственный комитет по стандартам (Госстандарт)
Sprog:russisk
Udgivet: Москва, Изд-во стандартов, 1987
Udgivelse:Изд. офиц.
TOC:ГОСТ 9064-75 Гайки для фланцевых соединений с температурой среды от 0 до 650 С. Типы и основные размеры;
ГОСТ 9065-75 Шайбы для фланцевых соединений с температурой среды от 0 до 650 С. Типы и основные размеры;
ГОСТ 9066-75 Шпильки для фланцевых соединений с температурой среды от 0 до 650 С. Типы и основные размеры;
ГОСТ 20700-75 Болты, шпильки, гайки и шайбы, пробки и хомуты для фланцевых и анкерных соединений с температурой среды от 0 до 650 С. Технические условия;
Serier:Государственные стандарты
Fag:
Format: Bog
KOHA link:https://koha.lib.tpu.ru/cgi-bin/koha/opac-detail.pl?biblionumber=150105

MARC

LEADER 00000nam0a2200000 4500
001 150105
005 20231031150112.0
035 |a (RuTPU)RU\TPU\book\162717 
035 |a RU\TPU\book\162714 
090 |a 150105 
100 |a 20081225d1987 km y0rusy50 ca 
101 0 |a rus 
102 |a RU 
105 |a a l 000zy 
200 1 |a Болты, шпильки, гайки и шайбы для фланцевых и анкерных соединений с температурой среды от 0 до 650 С 
205 |a Изд. офиц. 
210 |a Москва  |c Изд-во стандартов  |d 1987 
215 |a 56 с.  |c ил. 
225 1 |a Государственные стандарты 
464 |t ГОСТ 9064-75 Гайки для фланцевых соединений с температурой среды от 0 до 650 С. Типы и основные размеры 
464 |t ГОСТ 9065-75 Шайбы для фланцевых соединений с температурой среды от 0 до 650 С. Типы и основные размеры 
464 |t ГОСТ 9066-75 Шпильки для фланцевых соединений с температурой среды от 0 до 650 С. Типы и основные размеры 
464 |t ГОСТ 20700-75 Болты, шпильки, гайки и шайбы, пробки и хомуты для фланцевых и анкерных соединений с температурой среды от 0 до 650 С. Технические условия 
610 1 |a ГОСТы 
610 1 |a шпильки 
610 1 |a гайки 
610 1 |a шайбы 
610 1 |a фланцевые соединения 
610 1 |a типы 
610 1 |a размеры 
610 1 |a технические требования 
610 1 |a болты 
712 0 1 |a СССР  |b Государственный комитет по стандартам (Госстандарт)  |c (1978-1989)  |2 stltpush  |3 (RuTPU)RU\TPU\col\12454 
801 1 |a RU  |b 63413507  |c 20021204  |g PSBO 
801 2 |a RU  |b 63413507  |c 20221208  |g PSBO 
942 |c BK